Statistics for France National Football Team 2019

Click here to take the quiz!

General Stats

  • This quiz has been taken 18 times
  • The average score is 24 of 36

Answer Stats

Joueur Equipe Minutes Buts % Correct
Antoine GriezmannAtletico Madrid, Barcelona9734
100%
Raphaël VaraneReal Madrid9002
100%
Olivier GiroudChelsea6977
100%
Benjamin PavardStuttgart, Bayern Munich6750
100%
Hugo LlorisTottenham Hotspur5400
100%
Paul PogbaManchester United4500
100%
Lucas HernandezAtletico Madrid, Bayern Munich1700
94%
Samuel UmtitiBarcelona3591
94%
N’Golo KantéChelsea2600
94%
Kylian MbappéPSG4953
94%
Kingsley ComanBayern Munich4943
88%
Blaise MatuidiJuventus4890
88%
Benjamin MendyManchester City750
75%
Corentin TolissoBayern Munich5401
75%
Ferland MendyLyon, Real Madrid1460
75%
Nabil FekirLyon, Betis200
75%
Presnel KimpembePSG950
69%
Tanguy N’DombeleLyon, Tottenham Hotspur1300
69%
Thomas LemarAtletico Madrid2281
69%
Clément LengletBarcelona6301
69%
Steve MandandaMarseille3600
69%
Florian ThauvinMarseille1881
63%
Lucas DigneEverton4040
63%
Kurt ZoumaEverton, Chelsea911
56%
Alphonse AréolaPSG, Real Madrid900
56%
Moussa SissokoTottenham Hotspur4770
56%
Steven N’ZonziAS Roma, Galatasaray00
56%
Matteo GuendouziArsenal00
50%
Wissam Ben YedderSevilla, Monaco3232
44%
Djibril SidibéMonaco, Everton00
44%
Alassane PléaBorussia Mönchengladbach00
38%
Layvin KurzawaPSG1750
38%
Jonathan IkonéLille811
25%
Mike MaignanLille00
19%
Léo DuboisLyon3130
19%
Benjamin LecomteMontpellier, Monaco00
19%

Score Distribution

Percentile by Number Answered

Percent of People with Each Score

Your Score History

You have not taken this quiz